000 00454nam a2200181Ia 4500
003 GCL
008 140319s9999 xx 000 0 eng d
040 _aGCL /
_cGCL
082 0 4 _a843
_bP C
100 1 _aPERRAULT, CHARLES
245 1 0 _aCONTES /
_cPERRAULT, CHARLES
260 _a[S.N] :
_bLE LIVRE DE POCHE ،
_c1994
300 _a152 P
490 _aLE LIVRE DE POCHE
_v0
650 0 4 _aLITERATURE
650 0 4 _aFRENCH LITERATURE
942 _2ddc
_cBK
999 _c23040
_d23040